| 000 | 00711nam a22002177a 4500 | ||
|---|---|---|---|
| 003 | UA-OsUOA | ||
| 001 | 78418 | ||
| 007 | ta | ||
| 008 | 20111011b un ||||| |||| 00| 0 ukr d | ||
| 100 | _aМалинина И.И. | ||
| 090 |
_a81 _bМ19 |
||
| 942 | _cSA | ||
| 040 |
_aUA-OsUOA _bukr _cUA-OsUOA _dUA-OsUOA |
||
| 245 | _aВлияние латинского языка на развитие европейских языков | ||
| 300 | _aС.47-53 | ||
| 955 | _a0 | ||
| 041 | _aukr | ||
| 080 | _a81 | ||
| 773 | 0 |
_w78417 _tВопросы филологических наук _dМ. _d2011 _g4 |
|
| 650 | 7 |
_a8 Мовознавство. Художня література. Літературознавство _2UDC |
|
| 999 |
_c364731 _d364731 |
||